Ứng dụng phương pháp hóa sinh học trong kỹ thuật tách và tinh chế kháng nguyên Vi polysaccharide từ vi khuẩn thương hàn trong sản xuất Vaccine phòng bệnh thương hàn /

Uloženo v:
Podrobná bibliografie
Hlavní autor: Trần Kim Diệp.
Další autoři: Đào Xuân Vinh.
Médium: Článek
Jazyk:Vietnamese
Tagy: Přidat tag
Žádné tagy, Buďte první, kdo otaguje tento záznam!
Thư viện lưu trữ: Thư viện Trường Đại học Đà Lạt
LEADER 00916nam a2200241 4500
001 DLU170182429
005 ##20171211
040 # # |a DLU  |b vie 
041 # # |a vie 
044 # # |a vn 
100 # # |a Trần Kim Diệp. 
245 # # |a Ứng dụng phương pháp hóa sinh học trong kỹ thuật tách và tinh chế kháng nguyên Vi polysaccharide từ vi khuẩn thương hàn trong sản xuất Vaccine phòng bệnh thương hàn /  |c Trần Kim Diệp, Đào Xuân Vinh. 
700 # # |a Đào Xuân Vinh. 
773 # # |t Trường Đại học Đà Lạt - Kỷ yếu hội nghị khoa học sau đại học 2014  |g 2014, tr. 164-169 
920 # # |a Phòng Sau đại học -- Trung tâm Thông tin - Thư viện Trường Đại học Đà Lạt 
994 # # |a DLU 
900 # # |a True 
911 # # |a Hoàng Thị Huyền 
925 # # |a G 
926 # # |a A 
927 # # |a BB 
980 # # |a Thư viện Trường Đại học Đà Lạt